| 000 | 00938nam a22002537a 4500 | ||
|---|---|---|---|
| 999 |
_c20578 _d20578 |
||
| 005 | 20191108110450.0 | ||
| 008 | 191108b xxu||||| |||| 00| 0 spa d | ||
| 040 |
_aCO-BoIAVH _cCO-BoIAVH |
||
| 041 | _aspa | ||
| 044 | _apn | ||
| 082 |
_a333.7068 _bP94p |
||
| 110 | _aPrograma de pequeñas donaciones panamá (PND) | ||
| 245 | _aPensar Globalmente, Actuar Localmente. | ||
| 260 |
_aPanamá: _bFundaciones ciudadanía activa - Panamá, _cs.f. |
||
| 300 |
_a47 Páginas: _bfotografías, tablas, gráficos y mapa, _c25 x 20 cm. |
||
| 490 |
_aPrincipales resultados quinta fase operativa OP5: _v2011 - 2014. |
||
| 650 | 0 | _aAdministración de proyectos ambientales. | |
| 650 | 0 | _aIniciativas de conservación | |
| 650 | 0 | _aAgrobiodiversidad. | |
| 650 | 0 | _aAdaptación al cambio climático | |
| 650 | 0 | _aGestión forestal | |
| 650 | 0 | _aZonas marino-costeras | |
| 942 |
_2ddc _cLIBRO |
||